000
00295nam a2200157Ia 4500
100
_a
CSR
650
_a
Year Book
942
_c
RB
654
_a
year book 2010
245
_a
Year book 2010
260
_b
CSR
_c
2010
082
_a
25
_b
CSR
300
_a
974
546
_a
ENGLISH
999
_c
25212
_d
25212